000 00330nam a2200145Ia 4500
008 191201s2011 xx 000 0 und d
082 _a659.1
_bBEA
100 _aBESTERFIELD,Date H
245 0 _aAdvertising and Promotion
250 _aRep
260 _aN.Delhi
_bTMH
_c2011
300 _a1075
650 _aMBA
942 _2ddc
_cBK
999 _c5341
_d5341